Feasibility Study of Installation of Grifo-M-3 Radar on Mir-III Dp (With CD) (Record no. 323455)
[ view plain ]
| 000 -LEADER | |
|---|---|
| fixed length control field | 00392 a2200145 4500 |
| 001 - CONTROL NUMBER | |
| control field | 88382 |
| 082 ## - DEWEY DECIMAL CLASSIFICATION NUMBER | |
| Classification number | PR-585 |
| 090 ## - LOCALLY ASSIGNED LC-TYPE CALL NUMBER (OCLC); LOCAL CALL NUMBER (RLIN) | |
| -- | 41807 |
| -- | 41807 |
| 100 ## - MAIN ENTRY--PERSONAL NAME | |
| Personal name | Asad Hameed |
| 245 ## - TITLE STATEMENT | |
| Title | Feasibility Study of Installation of Grifo-M-3 Radar on Mir-III Dp (With CD) |
| Statement of responsibility, etc. | Tanweer Hussain |
| Name of part/section of a work | CAEG-57 (A) |
| 250 ## - EDITION STATEMENT | |
| Edition statement | 1st |
| 260 ## - PUBLICATION, DISTRIBUTION, ETC. | |
| Place of publication, distribution, etc. | Risalpur |
| Name of publisher, distributor, etc. | NUST |
| Date of publication, distribution, etc. | 2003 |
| 300 ## - PHYSICAL DESCRIPTION | |
| Extent | 180p |
| 500 ## - GENERAL NOTE | |
| General note | BE Project Report |
| 942 ## - ADDED ENTRY ELEMENTS (KOHA) | |
| Institution code [OBSOLETE] | CAE NUST |
| Call number prefix | PR-585 |
| Withdrawn status | Lost status | Damaged status | Not for loan | Collection code | Permanent Location | Current Location | Date acquired | Total Checkouts | Full call number | Barcode | Date last seen | Price effective from | Koha item type |
|---|---|---|---|---|---|---|---|---|---|---|---|---|---|
| College of Aeronautical Engineering (CAE) | College of Aeronautical Engineering (CAE) | 04/03/2017 | PR-585 | CAEPR-585 | 04/05/2017 | 04/05/2017 | Book |
